000 01071cam a2200337 a 4500
001 11847105
003 OSt
005 20140310181757.0
008 991025s1999 ph ab b 000 0beng
010 _a 99911194
020 _a9719185848
035 _a(DLC) 99911194
040 _aDLC
_cDLC
_dDLC
042 _alcode
043 _aa-ph---
050 0 0 _aDS 675.8
_b.J83 1971
082 0 0 _aFIL 959.9
_bJo771ri 1999
100 1 _aJose, Vivencio R.
245 1 4 _aThe rise & fall of Antonio Luna /
_cVivencio R. Jose.
246 3 _aRise and fall of Antonio Luna
246 3 0 _aAntonio Luna
260 _aManila, Philippines :
_bTrademark Pub.,
_c1971.
300 _aviii, 338 p. :
_bill., ;
_c29 cm.
600 1 0 _aLuna, Antonio,
_d1866-1899.
650 0 _aRevolutionaries
_zPhilippines
_vBiography.
651 0 _aPhilippines
_xHistory
_yPhilippine American War, 1899-1902.
906 _a7
_bcbc
_corigode
_d3
_encip
_f19
_gy-gencatlg
942 _2lcc
_cBK
_hFIL
999 _c3488
_d3488